000 00325 a2200157 4500
001 62195
020 _a97814408209370
040 _cAnchieta - Pituba
100 _aHearn, Izabella
240 1 0 _aDiscover
_lpor
245 1 0 _aDiscover
300 _a86
362 0 _a2010
650 4 _aInglês e inglês antigo
942 _cBK
999 _c62195
_d62195